Applied Fluid Mechanics (Record no. 478392)
[ view plain ]
| 000 -LEADER | |
|---|---|
| fixed length control field | 00454nam a22001817a 4500 |
| 003 - CONTROL NUMBER IDENTIFIER | |
| control field | NUST |
| 005 - DATE AND TIME OF LATEST TRANSACTION | |
| control field | 20180528042333.0 |
| 008 - FIXED-LENGTH DATA ELEMENTS--GENERAL INFORMATION | |
| fixed length control field | 180528b ||||| |||| 00| 0 eng d |
| 020 ## - INTERNATIONAL STANDARD BOOK NUMBER | |
| International Standard Book Number | 9781292019611 |
| 038 ## - RECORD CONTENT LICENSOR | |
| Staff Name | SNS Library |
| 082 ## - DEWEY DECIMAL CLASSIFICATION NUMBER | |
| Classification number | 620.106 |
| 100 ## - MAIN ENTRY--PERSONAL NAME | |
| Personal name | Mott. Untener |
| 9 (RLIN) | 10539 |
| 245 ## - TITLE STATEMENT | |
| Title | Applied Fluid Mechanics |
| Statement of responsibility, etc. | Mott. Untener |
| 250 ## - EDITION STATEMENT | |
| Edition statement | 7th Ed. |
| 260 ## - PUBLICATION, DISTRIBUTION, ETC. | |
| Place of publication, distribution, etc. | New Delhi |
| Name of publisher, distributor, etc. | Pearson |
| Date of publication, distribution, etc. | 2015 |
| 300 ## - PHYSICAL DESCRIPTION | |
| Extent | 547 P. |
| Other physical details | Pb. |
| 942 ## - ADDED ENTRY ELEMENTS (KOHA) | |
| Source of classification or shelving scheme | |
| Koha item type | Book |
| Withdrawn status | Lost status | Source of classification or shelving scheme | Damaged status | Not for loan | Permanent Location | Current Location | Date acquired | Total Checkouts | Full call number | Barcode | Checked out | Date last seen | Date last checked out | Price effective from | Koha item type |
|---|---|---|---|---|---|---|---|---|---|---|---|---|---|---|---|
| School of Natural Sciences (SNS) | School of Natural Sciences (SNS) | 05/28/2018 | 1 | 620.106 | SNS0002308 | 12/30/2021 | 09/01/2021 | 09/01/2021 | 05/28/2018 | Book |
